| 000 | 01196cam a2200337 i 4500 | ||
|---|---|---|---|
| 001 | 4906671 | ||
| 003 | EG-ScBUE | ||
| 005 | 20230411105042.0 | ||
| 008 | 940919t1994 cau f b 001 0 eng d | ||
| 020 | _a0520087712 | ||
| 020 | _a9780520087712 | ||
| 040 |
_aDLC _beng _erda _cDLC _dDLC _dEG-ScBUE |
||
| 082 | 0 | 4 |
_a791.43015 _222 _bROD |
| 100 | 1 |
_aRodowick, David Norman, _eauthor. _939197 |
|
| 245 | 1 | 4 |
_aThe crisis of political modernism : _bcriticism and ideology in contemporary film theory / _cD. N. Rodowick. |
| 246 | 3 | 0 | _aCriticism and ideology in contemporary film theory |
| 264 | 1 |
_aBerkeley : _bUniversity of California Press, _c[1994] |
|
| 264 | 4 | _cc1994 | |
| 300 |
_axxxii, 311 pages ; _c23 cm |
||
| 336 |
_2rdacontent _atext _btxt |
||
| 337 |
_2rdamedia _aunmediated _bn |
||
| 338 |
_2rdacarrier _avolume _bnc |
||
| 500 | _aOriginally published: Urbana : University of Illinois Press, 1988. | ||
| 504 | _aIncludes bibliographical references and index. | ||
| 650 | 7 |
_aFilm criticism. _2BUEsh _939198 |
|
| 650 | 7 |
_aMotion pictures _xPolitical aspects. _2BUEsh _939199 |
|
| 651 | _2BUEsh | ||
| 653 |
_bBUSBOL _cJuly2015 _cJanuary2016 |
||
| 655 | _vReading book | ||
| 942 |
_2ddc _cBB |
||
| 999 |
_c20329 _d20301 |
||